Statistics for Country Languages #2

Click here to take the quiz!

General Stats

  • This quiz has been taken 25 times
  • The average score is 15 of 15

Answer Stats

CountryLanguage% Correct
South AfricaAfrikaans/English/Ndebele/Pedi/Sotho/Swazi/Tsonga/Tswana/Venda/Xhosa/Zulu
100%
AlgeriaArabic/Tamazight (Berber)
100%
NetherlandsDutch
100%
CanadaEnglish/French
100%
GermanyGerman
100%
KazakhstanKazakh/Russian
100%
South KoreaKorean
100%
RussiaRussian
100%
ArgentinaSpanish
100%
Costa RicaSpanish
100%
KenyaSwahili/English
100%
RwandaEnglish/French/Kinyarwanda
96%
LaosLao
91%
UgandaSwahili/English
91%
NigerFrench
87%

Score Distribution

Percentile by Number Answered

Percent of People with Each Score

Your Score History

You have not taken this quiz